Cuentos desde el reino peligroso
-д хадгалсан:
| Үндсэн зохиолч: | |
|---|---|
| Формат: | Ном |
| Хэл сонгох: | испани |
| Хэвлэсэн: |
Buenos Aires
Minotauro
2009
|
| Хэвлэл: | 1a. ed |
| Нөхцлүүд: | |
| Шошгууд: |
Шошго нэмэх
Шошго байхгүй, Энэхүү баримтыг шошголох эхний хүн болох!
|
MARC
| LEADER | 00000cam a2200000 a 4500 | ||
|---|---|---|---|
| 001 | UCG2856 | ||
| 003 | CL-VaPUC | ||
| 008 | 100729e20090800ag |||||||||||||||||spa|d | ||
| 020 | |a 9788445077344 | ||
| 082 | 0 | 4 | |a 823 |b TOL |2 21 |
| 100 | 0 | |a Tolkien, J.R.R |e author |9 551503 | |
| 245 | 1 | 0 | |a Cuentos desde el reino peligroso |
| 250 | |a 1a. ed | ||
| 300 | |a 326 p | ||
| 942 | |c BK | ||
| 945 | |d 20100729 00:00:00 |a mfarfan | ||
| 260 | |a Buenos Aires |b Minotauro |c 2009 | ||
| 650 | 0 | |a Novelas inglesas |9 265220 | |
| 650 | 0 | |a Literatura inglesa |9 312907 | |
| 650 | 0 | |a Escritores ingleses |9 389424 | |
| 583 | |a last modification |c 20140813 03:50:48 |k Rodrigo Vera | ||
| 999 | |c 341973 |d 341971 | ||
| 952 | |0 0 |1 0 |4 0 |6 823_000000000000000_TOL_2009 |7 0 |8 A |9 437875 |a BIBCUR |b BIBCUR |d 2019-11-22 |i 4700546 |l 2 |o 823 TOL 2009 |p 4700546 |r 2025-04-22 |s 2023-08-25 |w 2019-11-22 |y BK |k FIS | ||